000 01774cam a2200217 4500500
005 20260412000643.0
041 _afre
042 _adc
100 1 0 _aPalieraki, Eugénia
_eauthor
245 0 0 _aLe MIR, la révolution et ses classes sociales dans le Chili des années 1960
260 _c2015.
500 _a82
520 _aMIR, the revolution and its social classes in Chile in the 1960s This paper focuses on the years preceding Salvador Allende’s Popular Unity in Chile (1970-1973) and, more precisely, on the Movimiento de Izquierda Revolucionaria (MIR). Since 1969, this Marxist revolutionary group had actively participated in the class struggle in Chile. However its political and social activism was not oriented towards the working class, but instead towards marginalized social sectors (inhabitants of informal settlements and landless rural workers). The paper thus seeks to elucidate the process which led the MIR to invest social sectors that should have been considered as “unorthodox,” from a Marxist organization’s point of view. More generally, the analysis of a political experience taking place in a country where the working class was not as coherent or as massive as it was in 20th Century Western Europe and the United States aims at “deprovincializing” history and at using the concepts of “class” and “class struggle” in a manner which distances them from their potentially economicist and sociologizing implications.
690 _a1960s
690 _aChile
690 _aMIR
690 _arevolutionary left
690 _asocial movements
786 0 _nActuel Marx | 58 | 2 | 2015-09-09 | p. 46-60 | 0994-4524
856 4 1 _uhttps://shs.cairn.info/revue-actuel-marx-2015-2-page-46?lang=fr&redirect-ssocas=7080
999 _c2210723
_d2210723